| 000 | 00946nam a2200265 a 4500 | ||
|---|---|---|---|
| 001 | 000039391 | ||
| 003 | OSt | ||
| 005 | 20220711104437.0 | ||
| 008 | 130625s1989 sp 000 0 spa d | ||
| 020 | _a8400069633 | ||
| 040 |
_aDO-SdBNP _bspa _cBNPHU |
||
| 082 | 4 |
_a221 _bL681L _222 |
|
| 245 | 0 | 3 |
_aLa ley en la leyenda : _brelatos de tema bíblico en las fuentes hebreas / _cintroducción, selección y notas Elena Romero. |
| 260 |
_aMadrid : _bConsejo Superior de Investigación Científicas, _c1989. |
||
| 300 |
_axv, 667 p. ; _c24 cm. |
||
| 500 | _aIncluye referencias bibliográficas y notas al pie de las páginas | ||
| 500 | _aIncluye índice | ||
| 590 | _aInventariado, 2022 LPS | ||
| 650 |
_aCuentos bíblicos _976659 |
||
| 650 | 4 |
_aCuentos judíos _976660 |
|
| 700 | 1 |
_aRomero, Elena _915365 |
|
| 710 | 2 |
_aConsejo Superior de Ivestigación Científicas _965602 |
|
| 910 | _aValidado, Control de calidad MFF | ||
| 942 |
_2ddc _cLF1 |
||
| 999 |
_c38881 _d38881 |
||